LEADER 02125nam2 22003971i 450 001 UON00390445 005 20231205104609.347 010 $a28-7168-033-7 100 $a20110328f2006 |0itac50 ba 101 $afre 102 $aBE 105 $a|||| 1|||| 200 1 $aThéâtre. 1.: Le train du bon Dieu ; L'An un ; A bientôt, monsieur Lang ; Mort et résurrection du citoyen Julien T. ; Les clients ; Le bouffon$fJean Louvet$gtextes réunis et présentés par Vincent Radermecker$gavec la collaboration de Nicole Leclercq 210 $aBruxelles$cArchives & Musées de la Littérature$d2006 215 $a590 p.$cill.$d23 cm 316 $aDono Archives et Musée de la Littérature. Bruxelles$5IT-UONSI FranceseB 2ARC/011 a 410 1$1001UON00172598$12001 $aArchives du Futur$1210 $aBruxelles$cLabo$1300 $aDal 2008: Bruxelles : Archives & Musée de la Littérature 461 1$1001UON00494653$12001 $aThéâtre$fJean Louvet$1210 $aBruxelles$cArchives & Musées de la Littérature$d2006-$1215 $av.$d22 cm$vVol 1. 464 1$1001UON00390449$12001 $aA bientôt, monsieur Lang$v 464 1$1001UON00390447$12001 $aˆL' ‰an un$v 464 1$1001UON00390452$12001 $aˆLe ‰bouffon$v 464 1$1001UON00390451$12001 $aˆLes ‰clients$v 464 1$1001UON00390450$12001 $aMort et résurrection du citoyen Julien T.$v 464 1$1001UON00390446$12001 $aˆLe ‰train du bon Dieu$v 620 $aBE$dBruxelles$3UONL000128 676 $aB842$cLetteratura drammatica belga.$v21 700 1$aLOUVET$bJean$3UONV122326$0440136 702 1$aLECLERCQ$bNicole$3UONV200990 702 1$aRADERMECKER$bVincent$3UONV184997 712 $aArchives & Musée de la Littérature$3UONV267366$4650 801 $aIT$bSOL$c20240220$gRICA 899 $aSIBA - SISTEMA BIBLIOTECARIO DI ATENEO$2UONSI 912 $aUON00390445 950 $aSIBA - SISTEMA BIBLIOTECARIO DI ATENEO$dSI Francese B 2 ARC 011 a $eSI LO 76197 7 011 a Dono Archives et Musée de la Littérature. Bruxelles 996 $aThéâtre$9908845 997 $aUNIOR LEADER 03156nam 22006015 450 001 9910143912203321 005 20251116234249.0 010 $a3-540-45935-9 024 7 $a10.1007/3-540-45935-9 035 $a(CKB)1000000000211693 035 $a(SSID)ssj0000323934 035 $a(PQKBManifestationID)11254239 035 $a(PQKBTitleCode)TC0000323934 035 $a(PQKBWorkID)10304048 035 $a(PQKB)11594355 035 $a(DE-He213)978-3-540-45935-4 035 $a(MiAaPQ)EBC3071861 035 $a(PPN)155207296 035 $a(EXLCZ)991000000000211693 100 $a20121227d2002 u| 0 101 0 $aeng 135 $aurnn|008mamaa 181 $ctxt 182 $cc 183 $acr 200 10$aIndex Structures for Data Warehouses /$fby Marcus Jürgens 205 $a1st ed. 2002. 210 1$aBerlin, Heidelberg :$cSpringer Berlin Heidelberg :$cImprint: Springer,$d2002. 215 $a1 online resource (X, 138 p.) 225 1 $aLecture Notes in Computer Science,$x0302-9743 ;$v1859 300 $aBibliographic Level Mode of Issuance: Monograph 311 08$a3-540-43368-6 320 $aIncludes bibliographical references and index. 327 $aState of the Art of Data Warehouse Research -- Data Storage and Index Structures -- Mixed Integer Problems for Finding Optimal Tree-Based Index Structures -- Aggregated Data in Tree-Based Index Structures -- Performance Models for Tree-Based Index Structures -- Techniques for Comparing Index Structures -- Conclusion and Outlook. 330 $aData warehouses differ significantly from traditional transaction-oriented operational database applications. Indexing techniques and index structures applied in the transaction-oriented context are not feasible for data warehouses. This work develops specific heuristic indexing techniques which process range queries on aggregated data more efficiently than those traditionally used in transaction-oriented systems. The book presents chapters on: - the state of the art in data warehouse research - data storage and index structures - finding optimal tree-based index structures - aggregated data in tree-based index structures - performance models for tree-based index structures - and techniques for comparing index structures. 410 0$aLecture Notes in Computer Science,$x0302-9743 ;$v1859 606 $aInformation storage and retrieval 606 $aDatabase management 606 $aInformation Storage and Retrieval$3https://scigraph.springernature.com/ontologies/product-market-codes/I18032 606 $aDatabase Management$3https://scigraph.springernature.com/ontologies/product-market-codes/I18024 615 0$aInformation storage and retrieval. 615 0$aDatabase management. 615 14$aInformation Storage and Retrieval. 615 24$aDatabase Management. 676 $a658.4/038/0285574 700 $aJu?rgens$b Marcus$4aut$4http://id.loc.gov/vocabulary/relators/aut$00 801 0$bMiAaPQ 801 1$bMiAaPQ 801 2$bMiAaPQ 906 $aBOOK 912 $a9910143912203321 996 $aIndex structures for data warehouses$9983418 997 $aUNINA